000 00592nam a2200241 a 4500
001 nice12345678
003 IN_TiNIC
005 20260116012015.0
008 050524s1947 newa grp 000 0 eng
020 _a
_c100
082 0 0 _a500.8
_bMIL
100 _aMiller, Carl Wallce
245 _aScientist`s Approach to Religion
260 _aNew York
_bMacmillan Company
_c1947
300 _a127p
500 _aincludes index and biblioraphy
505 2 _aIndex
650 _aReligion and Science
700 1 _aMiller, Carl Wallce
902 _bSRS
942 _cBK
999 _c5257
_d5257